Normal view
MARC view
- Time-series analysis.
Entry Topical Term
001 - CONTROL NUMBER
- control field: 10607
003 - CONTROL NUMBER IDENTIFIER
- control field: NUST
005 - DATE AND TIME OF LATEST TRANSACTION
- control field: 20180530034943.0
008 - FIXED-LENGTH DATA ELEMENTS
- fixed length control field: 180530|| aca||aabn | a|a d
040 ## - CATALOGING SOURCE
- Original cataloging agency: NUST
- Transcribing agency: NUST
150 ## - HEADING--TOPICAL TERM
- Topical term or geographic name entry element: Time-series analysis.
670 ## - SOURCE DATA FOUND
- Source citation: Work cat.: (NUST)0: Percival, Donald B. 10606, Wavelet methods for time series analysis , 2000.
